Individual Men's NCAA XC Champions in the 21st Century - Statistics

General Stats
  • This quiz has been taken 16 times
    3 since last reset
  • The average score is 12 of 26
Answer Stats
Year School Answer % Correct
2022 Stanford Charles Hicks
100%
2021 BYU Conner Mantz
100%
2020 BYU Conner Mantz
100%
2015 Oregon Edward Cheserek
100%
2014 Oregon Edward Cheserek
100%
2013 Oregon Edward Cheserek
100%
2024 Harvard Graham Blanks
100%
2023 Harvard Graham Blanks
100%
2025 New Mexico Habtom Samuel
100%
2003 Colorado Dathan Ritzenhein
67%
2019 Iowa State Edwin Kurgat
67%
2018 Wisconsin Morgan McDonald
67%
2017 Syracuse Justyn Knight
33%
2011 Arizona Lawi Lalang
33%
2005 Wisconsin Simon Bairu
33%
2004 Wisconsin Simon Bairu
33%
2001 Eastern Michigan Boaz Cheboiywo
0%
2008 Oregon Galen Rupp
0%
2002 Colorado Jorge Torres
0%
2007 Liberty Josh McDougal
0%
2006 BYU Josh Rohatinsky
0%
2000 Providence Keith Kelly
0%
2012 Texas Tech Kennedy Kithuka
0%
2016 Villanova Patrick Tiernan
0%
2010 Liberty Sam Chelanga
0%
2009 Liberty Sam Chelanga
0%
No matching quizzes found
Score Distribution
Percent of People with Each Score
Percentile by Number Answered
Your Score History
You have not taken this quiz since the last reset